Pavimentos asfálticos: proyecto y construcción
Saved in:
| Main Authors: | , |
|---|---|
| Format: | Bog |
| Sprog: | spansk |
| Udgivet: |
Madrid
Aguilar
1963
|
| Udgivelse: | 2a. ed |
| Fag: | |
| Tags: |
Tilføj Tag
Ingen Tags, Vær først til at tagge denne postø!
|
MARC
| LEADER | 00000nam a2200000 a 4500 | ||
|---|---|---|---|
| 001 | UCV4172 | ||
| 003 | CL-VaPUC | ||
| 008 | 900621e19630000SP |||||||||||||||||spa|d | ||
| 082 | 0 | 4 | |a 625.85 |b MAR |2 21 |
| 100 | |a Martin, J. Rogers |e autor |9 302693 | ||
| 700 | 0 | |a Wallace, Hugh A |e author |9 298493 | |
| 245 | 1 | 0 | |a Pavimentos asfálticos: proyecto y construcción |
| 250 | |a 2a. ed | ||
| 300 | |a 361 p | ||
| 942 | |c BK | ||
| 945 | |d 19900621 00:00:00 | ||
| 260 | |a Madrid |b Aguilar |c 1963 | ||
| 650 | 7 | |a PAVIMENTOS DE ASFALTO DISEÑO Y CONSTRUCCION |2 CL-VaPUC |9 260372 | |
| 583 | |a last modification |c 19900621 00:00:00 |k Rodrigo Vera | ||
| 999 | |c 211140 |d 211138 | ||
| 952 | |0 0 |1 0 |4 0 |6 625_850000000000000_MAR_1963 |7 0 |8 A |9 189298 |a BIBING |b BIBING |d 2019-11-14 |i 1682326 |o 625.85 MAR 1963 |p 1682326 |r 2025-01-20 |w 2019-11-14 |y BK |k CCL | ||